[Event "Gibraltar Masters 2015"]
[Site "Caleta ENG"]
[Date "2015.01.27"]
[Round "1.55"]
[White "Holleland, Sigve"]
[Black "Popilski, Gil"]
[Result "0-1"]
[BlackTitle "GM"]
[WhiteElo "2116"]
[BlackElo "2522"]
[WhiteFideId "1513672"]
[BlackFideId "2809060"]
[EventDate "2015.01.27"]

1. d4 Nf6 2. c4 e6 3. Nf3 c5 4. d5 d6 5. Nc3 exd5 6. cxd5 g6 7. e4 Bg7 8. Bg5 h6
9. Bh4 a6 10. a4 Bg4 11. h3 Bxf3 12. Qxf3 Nbd7 13. Be2 O-O 14. O-O Ne5 15. Qe3
Nxd5 16. Nxd5 Qxh4 17. Rad1 Nc6 18. Nb6 Rad8 19. b3 Rfe8 20. Bd3 d5 21. Qc1 dxe4
22. Bc4 Bd4 23. Rde1 Ne5 24. Qc2 Nf3+ 25. gxf3 Qg3+ 0-1

[Event "Gibraltar Masters 2015"]
[Site "Caleta ENG"]
[Date "2015.01.27"]
[Round "1.56"]
[White "Blomqvist, Erik"]
[Black "Baert, Andy"]
[Result "1-0"]
[WhiteTitle "GM"]
[BlackTitle "FM"]
[WhiteElo "2520"]
[BlackElo "2114"]
[WhiteFideId "1709437"]
[BlackFideId "200107"]
[EventDate "2015.01.27"]

1. e4 c5 2. Nf3 d6 3. d4 cxd4 4. Nxd4 Nf6 5. Nc3 a6 6. h3 e6 7. g4 Be7 8. Bg2
Nfd7 9. O-O O-O 10. f4 Nc6 11. Nde2 b5 12. Ng3 b4 13. Nce2 Qb6+ 14. Kh2 a5 15.
g5 Ba6 16. h4 Rfe8 17. Bh3 Bf8 18. Rf3 Rad8 19. Be3 Nc5 20. Qg1 Bxe2 21. Nxe2
Qb5 22. Ng3 Qc4 23. Rf2 Nxe4 24. Bf1 Qd5 25. Bg2 1-0

[Event "Gibraltar Masters 2015"]
[Site "Caleta ENG"]
[Date "2015.01.27"]
[Round "1.59"]
[White "Kandic, Milan"]
[Black "Tarjan, James E"]
[Result "0-1"]
[WhiteTitle "FM"]
[BlackTitle "GM"]
[WhiteElo "2101"]
[BlackElo "2518"]
[WhiteFideId "926752"]
[BlackFideId "2000180"]
[EventDate "2015.01.27"]

1. e4 e5 2. Nf3 Nc6 3. Bc4 Nf6 4. d3 h6 5. O-O g6 6. Nc3 Bg7 7. d4 exd4 8. Nxd4
O-O 9. Be3 Re8 10. f3 Na5 11. Bd3 d5 12. b4 dxe4 13. Bxe4 Nxe4 14. fxe4 Nc4 15.
Bf2 Be6 16. h3 Qe7 17. a3 Rad8 18. Nce2 Nd6 19. Nc3 c6 20. Qf3 Nc4 21. Rfd1 Bc8
22. Qe2 Nd6 23. Re1 Qe5 24. Rad1 a6 25. Qd3 Nb5 26. Ncxb5 axb5 27. c3 Be6 28.
Qf3 Bc4 29. Bg3 Qf6 30. Qxf6 Bxf6 31. e5 Bg7 32. h4 Ra8 33. Ra1 h5 34. Bf4 Bd5
35. Kf2 Kf8 36. Re2 Ke7 37. Ree1 Kf8 38. Re2 Kg8 39. Ree1 Ra6 40. Re2 Rea8 41.
Bc1 Bf8 42. Bb2 Be7 43. g3 Bc4 44. Ree1 c5 45. Nf3 Rd8 46. Rad1 Raa8 47. Rd2 Be6
48. Red1 Rdc8 49. Re1 Kf8 50. Red1 b6 51. Re1 Ke8 52. Red1 Bb3 53. Re1 Rd8 54.
Ree2 Bd1 55. Rxd8+ Rxd8 56. Rd2 Rxd2+ 57. Nxd2 Kd7 58. Nf1 Ke6 59. Ne3 Bb3 60.
Kf3 Kxe5 61. bxc5 Bxc5 62. c4+ Bd4 63. Bxd4+ Kxd4 64. cxb5 Ba4 65. g4 hxg4+ 66.
Nxg4 Bd1+ 67. Kf4 Bxg4 68. Kxg4 f6 0-1

[Event "Gibraltar Masters 2015"]
[Site "Caleta ENG"]
[Date "2015.01.27"]
[Round "1.60"]
[White "Boruchovsky, Avital"]
[Black "De Rosa, Mariagrazia"]
[Result "1-0"]
[WhiteTitle "GM"]
[BlackTitle "WFM"]
[WhiteElo "2517"]
[BlackElo "2101"]
[WhiteFideId "2800055"]
[BlackFideId "815136"]
[EventDate "2015.01.27"]

1. e4 c5 2. c3 d5 3. exd5 Qxd5 4. d4 Nc6 5. Nf3 Bg4 6. Be2 cxd4 7. cxd4 e6 8.
Nc3 Bb4 9. O-O Qa5 10. h3 Bh5 11. a3 Bxc3 12. bxc3 Nge7 13. Rb1 Qc7 14. Qd2 O-O
15. Rb5 Bg6 16. Ne5 b6 17. Nxc6 Qxc6 18. c4 Rad8 19. Bb2 Rd6 20. Qc3 f6 21. a4
a6 22. Rb3 Rc8 23. Ba3 Rd7 24. Qb2 Qxa4 25. Rxb6 Nc6 26. Bd1 Qa5 27. Bc5 Bd3 28.
Bg4 f5 29. Ra1 Qxa1+ 30. Qxa1 fxg4 31. Qxa6 Rcc7 32. Bd6 Nxd4 33. Bxc7 Ne2+ 34.
Kh2 1-0

[Event "Gibraltar Masters 2015"]
[Site "Caleta ENG"]
[Date "2015.01.27"]
[Round "1.61"]
[White "Amos, Frank"]
[Black "Al-Sayed, Mohammed"]
[Result "0-1"]
[BlackTitle "GM"]
[WhiteElo "2097"]
[BlackElo "2516"]
[WhiteFideId "4635442"]
[BlackFideId "12100196"]
[EventDate "2015.01.27"]

1. e4 c5 2. Nf3 d6 3. d4 cxd4 4. Nxd4 Nf6 5. Nc3 a6 6. Be3 Nbd7 7. g4 h6 8. Bg2
g6 9. h3 Bg7 10. f4 O-O 11. f5 Ne5 12. b3 Qa5 13. Qd2 Bd7 14. Nd5 Qxd2+ 15. Kxd2
Nxd5 16. exd5 gxf5 17. gxf5 Kh7 18. Be4 Bf6 19. Rag1 Rg8 20. Rxg8 Rxg8 21. Rg1
Rxg1 22. Bxg1 Bg5+ 23. Kc3 Kg7 24. Bf2 Kf6 25. Kb2 Bc8 26. c3 Nd7 27. Nf3 Bf4
28. Bh4+ Kg7 29. Bxe7 Nf6 30. Bd3 Nxd5 31. Bd8 Ne3 32. Nd4 Be5 33. Bb6 Nd5 34.
Bd8 Bf6 35. Be4 Nf4 36. Bc7 Be7 37. h4 Kf6 38. Nf3 Ne2 39. Bb6 Kg7 40. Kc2 Ng3
41. Kd3 Nxf5 42. Bf2 h5 43. a4 Nh6 44. b4 Bf5 45. Bxf5 Nxf5 46. Ke4 Nh6 47. Bd4+
Kf8 48. b5 axb5 49. axb5 Ke8 50. Bg7 Ng4 51. Bd4 Kd7 52. c4 Ke6 53. Ng5+ Bxg5
54. hxg5 h4 55. Kf4 Ne5 56. c5 Nd3+ 57. Kg4 dxc5 58. Bc3 Nb4 0-1

[Event "Gibraltar Masters 2015"]
[Site "Caleta ENG"]
[Date "2015.01.27"]
[Round "1.63"]
[White "Vanheirzeele, Daniel"]
[Black "Donchenko, Alexander"]
[Result "0-1"]
[BlackTitle "IM"]
[WhiteElo "2091"]
[BlackElo "2511"]
[WhiteFideId "200425"]
[BlackFideId "24603295"]
[EventDate "2015.01.27"]

1. d4 Nf6 2. c4 e6 3. g3 c5 4. Nf3 cxd4 5. Nxd4 d5 6. Bg2 e5 7. Nf3 d4 8. O-O
Nc6 9. e3 Be7 10. exd4 exd4 11. Bf4 Be6 12. Ne5 Rc8 13. Nxc6 bxc6 14. Nd2 O-O
15. Re1 Qb6 16. Qb3 Bb4 17. Red1 Bg4 18. Nf3 c5 19. h3 Be6 20. Ne5 Nh5 21. Bd2
Qd6 22. Nd3 Bxd2 23. Rxd2 Nf6 24. Rc1 Rfe8 25. Qd1 Bf5 26. Qf3 Qd7 27. Kh2 Ne4
28. Re2 Ng5 29. Rxe8+ Rxe8 30. Qc6 Qxc6 31. Bxc6 Re6 32. Bd5 Bxd3 33. Bxe6 fxe6
34. g4 Nf3+ 35. Kg3 Be2 0-1

[Event "Gibraltar Masters 2015"]
[Site "Caleta ENG"]
[Date "2015.01.27"]
[Round "1.64"]
[White "Debashis, Das"]
[Black "Hewson, Brian Wr"]
[Result "1-0"]
[WhiteTitle "GM"]
[WhiteElo "2503"]
[BlackElo "2084"]
[WhiteFideId "5024854"]
[BlackFideId "437484"]
[EventDate "2015.01.27"]

1. d4 Nf6 2. c4 e6 3. Nc3 d5 4. cxd5 exd5 5. Bg5 Nbd7 6. e3 Be7 7. Bd3 h6 8. Bh4
c6 9. Nge2 Nh5 10. Bxe7 Qxe7 11. O-O Nhf6 12. Qd2 O-O 13. Ng3 Nb6 14. f3 Qd6 15.
Nge2 Be6 16. Rad1 Rad8 17. b3 Qb4 18. Bb1 Rfe8 19. h3 a5 20. e4 dxe4 21. fxe4 a4
22. Rxf6 gxf6 23. Qxh6 Qf8 24. Qh4 Qb4 25. Rd3 Kf8 26. Qxf6 axb3 27. Nf4 Bf5 28.
exf5 Re1+ 29. Kf2 Rd6 30. Qh8+ Ke7 31. Kxe1 bxa2 32. Bxa2 Na4 33. Re3+ Kd7 34.
Qe8+ Kc7 35. Qxf7+ Kb8 36. Qc4 1-0

[Event "Gibraltar Masters 2015"]
[Site "Caleta ENG"]
[Date "2015.01.27"]
[Round "1.65"]
[White "Yu, Jonathan"]
[Black "Wagner, Dennis"]
[Result "0-1"]
[BlackTitle "IM"]
[WhiteElo "2081"]
[BlackElo "2501"]
[WhiteFideId "2606828"]
[BlackFideId "24650684"]
[EventDate "2015.01.27"]

1. e4 e6 2. d4 d5 3. Nc3 Nf6 4. e5 Nfd7 5. f4 c5 6. Nf3 Be7 7. Be3 O-O 8. Bd3
Nc6 9. O-O f5 10. Kh1 a6 11. Rg1 cxd4 12. Nxd4 Nxd4 13. Bxd4 Nc5 14. g4 Nxd3 15.
cxd3 fxg4 16. Qxg4 Rf7 17. Rg3 Bd7 18. Rag1 Qf8 19. Ne2 Rc8 20. h4 Kh8 21. f5
Rxf5 22. Qxg7+ Qxg7 23. Rxg7 Re8 24. Be3 Rf3 25. R7g3 Rxg3 26. Rxg3 Bxh4 27. Rg4
Be7 28. Bh6 Rg8 29. Rxg8+ Kxg8 30. Kg2 Kf7 31. Nf4 Bc5 32. Ne2 Bb5 33. d4 Ba7 0-1

[Event "Gibraltar Masters 2015"]
[Site "Caleta ENG"]
[Date "2015.01.27"]
[Round "1.66"]
[White "Harika, Dronavalli"]
[Black "Compton, Alistair"]
[Result "1-0"]
[WhiteTitle "GM"]
[WhiteElo "2496"]
[BlackElo "2071"]
[WhiteFideId "5015197"]
[BlackFideId "4300645"]
[EventDate "2015.01.27"]

1. Nf3 d5 2. b3 Nf6 3. Bb2 c5 4. e3 a6 5. d4 e6 6. Bd3 Bd6 7. O-O Nc6 8. Nbd2
Qc7 9. c4 cxd4 10. exd4 O-O 11. Re1 Be7 12. Rc1 dxc4 13. bxc4 Rd8 14. Qe2 Qf4
15. Ne4 Nxe4 16. Bxe4 Bf6 17. Rcd1 Bd7 18. g3 Qc7 19. d5 Na5 20. Bxf6 gxf6 21.
Qd2 Ba4 22. Qh6 Bxd1 23. Bxh7+ Kh8 24. Re4 1-0

[Event "Gibraltar Masters 2015"]
[Site "Caleta ENG"]
[Date "2015.01.27"]
[Round "1.67"]
[White "Freuler, Roman"]
[Black "Svane, Rasmus"]
[Result "0-1"]
[BlackTitle "IM"]
[WhiteElo "2071"]
[BlackElo "2496"]
[WhiteFideId "1304283"]
[BlackFideId "4657101"]
[EventDate "2015.01.27"]

1. e4 e6 2. d4 d5 3. e5 c5 4. c3 Nc6 5. Nf3 Bd7 6. a3 c4 7. b3 cxb3 8. Qxb3 Na5
9. Qc2 Ne7 10. Bd3 h6 11. O-O Nc8 12. Nbd2 Nb6 13. Rb1 Rc8 14. Bb5 Be7 15. Qd3
O-O 16. Bxd7 Qxd7 17. Qb5 Qxb5 18. Rxb5 Nc6 19. Bb2 Rc7 20. Rb1 Na4 21. Ba1 Re8
22. c4 a6 23. Rxd5 exd5 24. cxd5 Rd8 25. dxc6 Rxc6 26. Kf1 Bxa3 27. Ke2 b5 0-1

[Event "Gibraltar Masters 2015"]
[Site "Caleta ENG"]
[Date "2015.01.27"]
[Round "1.68"]
[White "Raznikov, Danny"]
[Black "Cawley, Paul F"]
[Result "1-0"]
[WhiteTitle "IM"]
[WhiteElo "2494"]
[BlackElo "2070"]
[WhiteFideId "2811154"]
[BlackFideId "417920"]
[EventDate "2015.01.27"]

1. d4 Nf6 2. c4 e6 3. Nc3 Bb4 4. e3 b6 5. Ne2 Bb7 6. a3 Be7 7. Ng3 h5 8. h4 Bd6
9. Rh3 Bxg3 10. Rxg3 Ng4 11. Rh3 Nf6 12. Bd3 d5 13. cxd5 exd5 14. Qf3 Qe7 15.
Rg3 Nc6 16. Nxd5 Nxd5 17. Qxd5 Rd8 18. Qg5 g6 19. Bd2 Qe6 20. Kf1 Ne5 21. Bb5+
c6 22. Be2 Nc4 23. Bc3 Rd5 24. Qf4 Nd6 25. e4 Nxe4 26. Re3 f5 27. Bc4 O-O 28.
Kg1 Qd7 29. Rae1 b5 30. Ba2 Kh7 31. Rxe4 fxe4 32. Qxf8 1-0

[Event "Gibraltar Masters 2015"]
[Site "Caleta ENG"]
[Date "2015.01.27"]
[Round "1.69"]
[White "Jameson, David"]
[Black "Georgiadis, Nico"]
[Result "1/2-1/2"]
[BlackTitle "IM"]
[WhiteElo "2068"]
[BlackElo "2490"]
[WhiteFideId "1801538"]
[BlackFideId "1300113"]
[EventDate "2015.01.27"]

1. d4 d5 2. c4 dxc4 3. Nf3 Nf6 4. Nc3 a6 5. a4 Nc6 6. e3 Bg4 7. Bxc4 e6 8. O-O
Bd6 9. h3 Bh5 10. Bd2 O-O 11. Be2 Qe7 12. Ne5 Bxe2 13. Nxc6 Bxd1 14. Nxe7+ Bxe7
15. Rfxd1 Rfd8 16. Rac1 Rd7 17. Kf1 Kf8 18. Ke2 c5 19. dxc5 Bxc5 20. Be1 Rxd1
21. Nxd1 Bd6 22. Rc4 Nd5 23. a5 Ne7 24. Bb4 Bxb4 25. Rxb4 Rb8 26. Rc4 b6 27.
axb6 Rxb6 28. Kd3 g6 29. Kc2 Nd5 30. b3 Ke7 31. Nb2 Nb4+ 32. Kc3 Nd5+ 33. Kc2
Nb4+ 34. Kc3 Nd5+ 1/2-1/2

[Event "Gibraltar Masters 2015"]
[Site "Caleta ENG"]
[Date "2015.01.27"]
[Round "1.70"]
[White "Shyam, Sundar M."]
[Black "Skutta, Bernd"]
[Result "1-0"]
[WhiteTitle "GM"]
[WhiteElo "2489"]
[BlackElo "2059"]
[WhiteFideId "5019141"]
[BlackFideId "4666950"]
[EventDate "2015.01.27"]

1. e4 d6 2. d4 Nf6 3. Nc3 e5 4. Nf3 exd4 5. Nxd4 Be7 6. g3 O-O 7. Bg2 c6 8. O-O
Nbd7 9. h3 Qb6 10. Nf5 Re8 11. Nxe7+ Rxe7 12. Qxd6 Re8 13. b3 Nf8 14. Be3 Qa5
15. Qc5 Qxc5 16. Bxc5 Ne6 17. Be3 Nc7 18. Rad1 Be6 19. Rd6 h6 20. Rfd1 Kh7 21.
Na4 Na6 22. c4 Re7 23. Bf4 Bf5 24. e5 Ne4 25. Bxe4 Bxe4 26. Nc3 Bf5 27. g4 Bc8
28. Rd8 b6 29. Ne4 Bb7 30. R1d7 Rxd8 31. Rxe7 1-0

[Event "Gibraltar Masters 2015"]
[Site "Caleta ENG"]
[Date "2015.01.27"]
[Round "1.71"]
[White "Dasaolu, Rotimi"]
[Black "Ducarmon, Quinten"]
[Result "0-1"]
[BlackTitle "IM"]
[WhiteElo "2053"]
[BlackElo "2488"]
[WhiteFideId "8500150"]
[BlackFideId "1025007"]
[EventDate "2015.01.27"]

1. c4 e5 2. Nc3 Nc6 3. g3 Nf6 4. Bg2 Bc5 5. e3 O-O 6. Nge2 d5 7. Nxd5 Nxd5 8.
cxd5 Nb4 9. Qb3 c6 10. d4 exd4 11. exd4 Bd6 12. dxc6 bxc6 13. a3 Nd5 14. O-O Ba6
15. Re1 Re8 16. Bxd5 cxd5 17. Be3 Rb8 18. Qa4 Bc4 19. b4 a5 20. bxa5 Ra8 21. Qc2
Rxa5 22. a4 Qd7 23. Bd2 Ra6 24. Nf4 Rxe1+ 25. Rxe1 Rxa4 26. Be3 Ra3 27. Rc1 h6
28. Qd1 Qf5 29. Qc2 Qg4 30. Qd1 Qxd1+ 31. Rxd1 g5 32. Ng2 Kg7 33. Rc1 Kg6 34. g4
f6 35. h3 h5 36. f3 Bg3 37. gxh5+ Kxh5 38. f4 Ra2 39. fxg5 fxg5 40. Rc3 Kg6 41.
Rc1 Bd3 42. Rc8 Be4 43. Ne1 Bxe1 44. Rg8+ Kf6 45. Bxg5+ Kf7 46. Rc8 Bf2+ 47. Kf1
Bd3+ 0-1

[Event "Gibraltar Masters 2015"]
[Site "Caleta ENG"]
[Date "2015.01.27"]
[Round "1.72"]
[White "Tari, Aryan"]
[Black "Gieritz, Dietmar"]
[Result "1-0"]
[WhiteTitle "IM"]
[WhiteElo "2487"]
[BlackElo "2048"]
[WhiteFideId "1510045"]
[BlackFideId "4643178"]
[EventDate "2015.01.27"]

1. d4 Nf6 2. c4 g6 3. Nc3 d5 4. Nf3 Bg7 5. cxd5 Nxd5 6. Na4 O-O 7. e4 Nf6 8. Nc3
c5 9. d5 Qa5 10. Bd2 Qb4 11. Qc2 Na6 12. a3 Qb6 13. Bc4 Bg4 14. Ne5 Rac8 15. Bg5
Bh5 16. O-O Qc7 17. Bf4 g5 18. Bg3 Qa5 19. h3 Nc7 20. Bd3 Nce8 21. Nc4 Qd8 22.
Rae1 a6 23. a4 Bg6 24. Ne5 Nh5 25. Bh2 Nf4 26. Nxg6 hxg6 27. Be2 Qd7 28. e5 Nc7
29. Bxf4 gxf4 30. Bg4 e6 31. d6 Na8 32. Nd5 Rfe8 33. Qd2 c4 34. Qxf4 Rc5 35. Rd1
Bxe5 36. Qxe5 Rxd5 37. Qxd5 1-0

[Event "Gibraltar Masters 2015"]
[Site "Caleta ENG"]
[Date "2015.01.27"]
[Round "1.73"]
[White "Byrn, Carsten"]
[Black "Javakhishvili, Lela"]
[Result "0-1"]
[BlackTitle "IM"]
[WhiteElo "2044"]
[BlackElo "2486"]
[WhiteFideId "1406345"]
[BlackFideId "13601458"]
[EventDate "2015.01.27"]

1. d4 Nf6 2. c4 e6 3. Nc3 Bb4 4. Qc2 c5 5. dxc5 O-O 6. a3 Bxc5 7. Nf3 Nc6 8. e3
b6 9. Be2 Bb7 10. O-O Rc8 11. b4 Be7 12. Bb2 a6 13. Rac1 d6 14. Rfd1 Nb8 15. Ng5
h6 16. Nge4 Ne8 17. Qb1 Nd7 18. Ng3 Rc7 19. Nce4 Qa8 20. f3 f5 21. Nd2 Nef6 22.
Nb3 Qc8 23. Nd4 Ne5 24. Qa2 Nf7 25. f4 g6 26. Bf3 e5 27. Bxb7 Rxb7 28. Nf3 Qe6
29. Re1 b5 30. Qa1 bxc4 31. fxe5 dxe5 32. Nxe5 Nxe5 33. Bxe5 Ng4 34. Bd4 Bd6 35.
Nf1 Rc8 36. Rc3 Rbc7 37. Qd1 Ne5 38. Qe2 Nd3 39. Rb1 Nf4 40. Qf3 Nd5 41. Rc2 c3
42. Ng3 Be5 43. Rd1 Bxd4 44. exd4 Qe3+ 45. Qf2 Re7 46. Nf1 Qe4 47. Ng3 Qe6 48.
Re2 Qd6 49. Rxe7 Qxe7 50. Rc1 a5 51. h4 axb4 52. axb4 Qxh4 53. b5 Qf6 54. Ne2
Qb6 55. Qf3 Qxb5 56. Nxc3 Qa5 57. Ne2 Rxc1+ 58. Nxc1 Qe1+ 59. Kh2 Qh4+ 60. Kg1
Qxd4+ 61. Kh2 Qf4+ 62. Qxf4 Nxf4 63. Nb3 Kf7 64. Nd4 Kf6 65. Nc6 Ne2 66. Kh3 g5
67. Kh2 h5 68. Nd8 h4 69. Nb7 g4 70. Nc5 Nf4 71. Nb3 g3+ 72. Kg1 Ne6 73. Nd2 Ng5
74. Kh1 f4 75. Kg1 Kf5 76. Kh1 h3 77. Kg1 f3 78. Kf1 hxg2+ 79. Kg1 Nh3# 0-1

[Event "Gibraltar Masters 2015"]
[Site "Caleta ENG"]
[Date "2015.01.27"]
[Round "1.74"]
[White "Smith, Axel"]
[Black "Fomani, Medhi"]
[Result "1-0"]
[WhiteTitle "IM"]
[WhiteElo "2483"]
[BlackElo "2033"]
[WhiteFideId "1707930"]
[BlackFideId "2259435"]
[EventDate "2015.01.27"]

1. c4 c6 2. Nf3 Nf6 3. Nc3 d5 4. e3 e6 5. b3 Nbd7 6. Qc2 Be7 7. Bb2 O-O 8. d4
Qa5 9. a3 Re8 10. Be2 Bd6 11. O-O e5 12. cxd5 Nxd5 13. Ne4 Bb8 14. Neg5 g6 15.
e4 Nf4 16. Bc4 Ne6 17. Nxf7 Kxf7 18. Ng5+ Kf6 19. Nxe6 Rxe6 20. f4 Re7 21. dxe5+
Nxe5 22. fxe5+ Kg7 23. Qf2 Qb6 24. Bd4 Qd8 25. Qf6+ 1-0

[Event "Gibraltar Masters 2015"]
[Site "Caleta ENG"]
[Date "2015.01.27"]
[Round "1.75"]
[White "Henrichsen, Jens"]
[Black "Zhukova, Natalia"]
[Result "0-1"]
[BlackTitle "GM"]
[WhiteElo "2030"]
[BlackElo "2482"]
[WhiteFideId "1401858"]
[BlackFideId "14101513"]
[EventDate "2015.01.27"]

1. d4 Nf6 2. Nf3 e6 3. c4 Bb4+ 4. Nc3 O-O 5. Bg5 c5 6. e3 d5 7. a3 Bxc3+ 8. bxc3
Nbd7 9. Bd3 Qa5 10. Qc2 dxc4 11. Bxc4 cxd4 12. exd4 b6 13. O-O Bb7 14. Bxf6 Nxf6
15. Ne5 Rac8 16. Rac1 Rc7 17. Rfe1 Rfc8 18. Qb3 Rxc4 19. Nxc4 Qd5 0-1

[Event "Gibraltar Masters 2015"]
[Site "Caleta ENG"]
[Date "2015.01.27"]
[Round "1.75"]
[White "Pichot, Alan"]
[Black "Suez-Panama, Gilles"]
[Result "1-0"]
[WhiteTitle "IM"]
[WhiteElo "2480"]
[BlackElo "2030"]
[WhiteFideId "110973"]
[BlackFideId "620165"]
[EventDate "2015.01.27"]

1. e4 e6 2. Nf3 d5 3. Nc3 Nf6 4. e5 Nfd7 5. d4 c5 6. dxc5 Nc6 7. Bf4 Bxc5 8. Bd3
a6 9. Qd2 b5 10. O-O Bb7 11. Rfe1 Nb6 12. b3 Rc8 13. Ne2 h6 14. h4 Nd7 15. a3
Qb6 16. Ng3 Nd4 17. Nxd4 Bxd4 18. Be3 Bxe3 19. Rxe3 Qd4 20. Rae1 Qxh4 21. Nf5
exf5 22. e6 Nc5 23. Bxf5 Nxe6 24. Bxe6 fxe6 25. Rxe6+ Kf8 26. Qd3 Qg5 27. R6e5
Qg4 28. f3 Qd7 29. Qg6 Bc6 30. Re6 Qa7+ 31. Kh1 Qf7 32. Qg3 Bd7 33. Qd6+ Kg8 34.
Re7 Qh5+ 35. Kg1 Bf5 36. R1e5 Qg6 37. Qxd5+ Kh7 38. Rxf5 Rhd8 39. Qe4 Rd1+ 40.
Kh2 Rd2 41. f4 Rg8 42. Rc5 Qxe4 43. Rxe4 Rgd8 44. Rc7 Kg6 45. Re6+ Kf5 46. Rxa6
Kxf4 47. c4 bxc4 48. Rxc4+ Ke3 49. Rg6 R8d5 50. Rxg7 Rh5+ 51. Kg3 Rd3 52. Rf4
Ke2+ 53. Rf3 Rhd5 54. b4 h5 55. Rxd3 Rxd3+ 56. Kh4 Rxa3 57. Kxh5 Rb3 58. g4 Rxb4
59. Rf7 Ke3 60. g5 Rb1 61. g6 Rh1+ 62. Kg5 Ke4 63. g7 Rg1+ 64. Kh6 Rh1+ 65. Kg6
Rg1+ 66. Kh7 Rh1+ 67. Kg8 Ke5 68. Kf8 1-0

[Event "Gibraltar Masters 2015"]
[Site "Caleta ENG"]
[Date "2015.01.27"]
[Round "1.76"]
[White "Michalowski, Peter"]
[Black "Das, Arghyadip"]
[Result "0-1"]
[BlackTitle "IM"]
[WhiteElo "2024"]
[BlackElo "2476"]
[WhiteFideId "24609978"]
[BlackFideId "5003610"]
[EventDate "2015.01.27"]

1. e4 c5 2. Nf3 d6 3. d4 cxd4 4. Nxd4 Nf6 5. Nc3 a6 6. Be2 e6 7. Be3 Qc7 8. a3
b5 9. g4 Bb7 10. f3 h6 11. Qd2 Nbd7 12. O-O-O d5 13. exd5 Nxd5 14. Nxd5 Bxd5 15.
Kb1 Qb7 16. c3 Ne5 17. Rhf1 Nc4 18. Bxc4 Bxc4 19. Rf2 Rd8 20. Qc2 Be7 21. f4 O-O
22. f5 e5 23. f6 Bxf6 24. Nf5 Rxd1+ 25. Qxd1 Rd8 26. Rd2 Rxd2 27. Qxd2 Qe4+ 28.
Ka1 Qxg4 29. Nd6 Bb3 30. Ne8 Bg5 31. Bxg5 hxg5 0-1

[Event "Gibraltar Masters 2015"]
[Site "Caleta ENG"]
[Date "2015.01.27"]
[Round "1.77"]
[White "Melia, Salome"]
[Black "Lien, Kjell Hakon"]
[Result "1-0"]
[WhiteTitle "IM"]
[WhiteElo "2473"]
[BlackElo "2020"]
[WhiteFideId "13602446"]
[BlackFideId "1510444"]
[EventDate "2015.01.27"]

1. e4 c5 2. Nf3 d6 3. Bb5+ Bd7 4. Bxd7+ Qxd7 5. c4 Nf6 6. Nc3 Nc6 7. d4 cxd4 8.
Nxd4 g6 9. f3 Bg7 10. Be3 O-O 11. O-O a6 12. a4 Rac8 13. b3 Nxd4 14. Bxd4 Qc6
15. a5 Nd7 16. Nd5 Rfe8 17. Bxg7 Kxg7 18. Kh1 Rcd8 19. f4 e6 20. Nc3 Nf6 21. Qd4
e5 22. Qd3 exf4 23. Rxf4 Nd7 24. Raf1 Ne5 25. Qd4 Rf8 26. Nd5 Qc5 27. Qd2 h6 28.
Rh4 Rh8 29. Qf4 Qc8 30. Qf6+ Kh7 31. Ne7 Qe6 32. Rxh6+ 1-0

[Event "Gibraltar Masters 2015"]
[Site "Caleta ENG"]
[Date "2015.01.27"]
[Round "1.78"]
[White "Machlik, Monika"]
[Black "Trent, Lawrence"]
[Result "0-1"]
[BlackTitle "IM"]
[WhiteElo "2015"]
[BlackElo "2470"]
[WhiteFideId "1513621"]
[BlackFideId "408638"]
[EventDate "2015.01.27"]

1. d4 g6 2. c4 Bg7 3. Nc3 d6 4. e4 Nc6 5. Be3 e5 6. Nge2 Nh6 7. f3 f5 8. d5 Ne7
9. Qd2 Nf7 10. O-O-O O-O 11. Kb1 Kh8 12. Nc1 Ng8 13. Qc2 Nf6 14. b4 b6 15. Nb3
fxe4 16. fxe4 Ng4 17. Bg1 Bh6 18. Re1 a5 19. a3 axb4 20. axb4 Bd7 21. Bd3 Nf6
22. Bf2 Nh5 23. Rhf1 Nf4 24. Bg1 Qg5 25. Rf2 Bg7 26. Kb2 Nh6 27. Rd2 Qe7 28.
Rdd1 Qg5 29. Rd2 Qh4 30. Rdd1 Ng4 31. h3 Nxd3+ 32. Qxd3 Nf2 33. Bxf2 Rxf2+ 34.
Re2 Raf8 35. Rxf2 Qxf2+ 36. Rd2 Qg1 37. Qe2 Bh6 38. Rd1 Qf2 39. Re1 Qh4 40. Rf1
Rf4 41. Nc1 Qf6 42. Rxf4 exf4 43. Qf3 Qd4 44. Kb3 Kg8 45. N1e2 Qd2 46. Qf2 Bg7
47. Qh4 f3 48. gxf3 g5 49. Qh5 Qe3 50. h4 h6 51. hxg5 hxg5 52. b5 Kf8 53. Qh1
Qf2 54. Qg1 Qh4 55. Qg3 Be5 56. Qg2 Ke7 57. Kc2 Kd8 58. Kb3 Ke7 59. Kc2 Kf7 60.
Kb3 Bc8 61. Kc2 Kf6 62. Kb3 Kg6 63. Kc2 Kh5 64. Kb3 Qh3 65. Qf2 Kh6 66. Kc2 Bd7
67. Ng1 Qh1 68. Kd3 Kh7 69. Nce2 Qh6 70. Nc3 Kh8 71. Nce2 Kg8 72. Qg2 Qh4 73.
Kd2 Kf8 74. Kd3 Kf7 75. Kd2 Kf6 76. Kd1 Qh6 77. Kc2 Ke7 78. Kd3 Bh8 79. Nd4 Bf6
80. Nde2 Qh8 81. Ke3 Qa8 82. Qf1 Qa3+ 83. Kd2 Qa2+ 84. Kd1 Qxc4 85. Qg2 Bxb5 86.
Qh3 Bg7 87. Ng3 Ba4+ 88. Ke1 Qc1+ 89. Kf2 Bd4+ 0-1

[Event "Gibraltar Masters 2015"]
[Site "Caleta ENG"]
[Date "2015.01.27"]
[Round "1.79"]
[White "Adla, Diego"]
[Black "Nwoye, Nnamdi"]
[Result "1-0"]
[WhiteTitle "IM"]
[WhiteElo "2469"]
[BlackElo "2015"]
[WhiteFideId "100072"]
[BlackFideId "8503311"]
[EventDate "2015.01.27"]

1. c4 c5 2. Nc3 g6 3. Nf3 Bg7 4. d4 cxd4 5. Nxd4 Nc6 6. Nc2 Bxc3+ 7. bxc3 d6 8.
e4 Nf6 9. f3 Qa5 10. Qd2 Nd7 11. Ne3 Nc5 12. Rb1 Be6 13. Be2 O-O-O 14. O-O f5
15. exf5 gxf5 16. Nd5 Rdg8 17. Qe3 Qxa2 18. Rb2 Qa4 19. Rd1 Rg7 20. Rdd2 Bxd5
21. Rxd5 Rhg8 22. Bf1 Na5 23. Rxf5 e5 24. Qe2 Qa1 25. Qc2 Qa4 26. Qxa4 Nxa4 27.
Ra2 Nb3 28. Rxa4 Nxc1 29. Rxa7 Nb3 30. Ra8+ Kc7 31. Rxg8 Rxg8 32. Rf7+ Kc6 33.
Bd3 Nc5 34. Bxh7 Ra8 35. Rg7 Ra3 36. Bg8 Rxc3 37. Bd5+ Kb6 38. h4 Ra3 39. h5 Ra8
40. Bg8 Nd7 41. h6 Nf6 42. h7 Nxh7 43. Bxh7 Ra1+ 44. Kh2 Kc5 45. Rc7+ Kd4 46.
Be4 Rc1 47. Bxb7 Rxc4 48. Rxc4+ Kxc4 49. g4 d5 50. g5 d4 51. Be4 d3 52. Bxd3+ 1-0